000 00242nam a2200097Ia 4500
008 190216s9999||||xx |||||||||||||| ||und||
100 _aBhagavathy Charan Varma
245 0 _aHindi-Akhiri Dare
260 _bMac Millian And Com. Ltd
942 _cBK
999 _c17055
_d17055